000 02409pam a2200637 i 4500
001 10785562
003 ARRUPE
005 20160225153835.0
008 121119m20149999nju b 001 0deng
010 _a 2012041591
020 _a9781592218998 (hardcover)
020 _a1592218997 (hardcover)
020 _a9781592219001 (paperback vol. 1)
020 _a1592219004 (paperback vol. 1)
024 _a40023553272
035 _a(OCoLC)ocn818865857
035 _a(OCoLC)818865857
035 _a(NNC)10785562
040 _aDLC
_beng
_erda
_cDLC
_dOCLCO
_dOCLCQ
_dOCLCF
_dYDXCP
_dNhCcYBP
_dNNC
042 _apcc
043 _af-sa---
050 0 0 _aDT1848
_b.M38 2012
082 0 0 _a320.54096092/268
_223
100 1 _aMasilela, Ntongela,
_eauthor.
_922468
245 1 4 _aThe historical figures of the New African Movement /
_cby Ntongela Masilela.
260 _aTrenton
_bAfrica World Press
_c2014
300 _axiv, 369p.;
_c23 cm.
490 1 _aIntellectual history of Southern Africa
504 _aIncludes bibliographical references and index.
650 0 _aIntellectuals
_zSouth Africa
_vBiography.
_922469
650 0 _aAuthors, South African
_vBiography.
_922470
650 0 _aArtists
_zSouth Africa
_vBiography.
_922471
650 0 _aModernism (Aesthetics)
_zSouth Africa
_xHistory.
_922472
650 0 _aSocial movements
_zSouth Africa
_xHistory.
_922473
650 0 _aSocial change
_zSouth Africa
_xHistory.
_922474
650 0 _aPostcolonialism
_zSouth Africa
_xHistory.
_922475
650 7 _aArtists.
_2Biography
_zSouth Africa
_922476
650 7 _aAuthors, South African.
_2Biography
_922477
650 7 _aIntellectual life.
_2fast
_922478
650 7 _aIntellectuals.
_2fast
_922479
650 7 _aModernism (Aesthetics)
_2fast
_922480
650 7 _aPostcolonialism.
_2fast
_922481
650 7 _aRace relations.
_2fast
_93381
650 7 _aSocial change.
_2fast
_922482
650 7 _aSocial movements.
_2fast
_93959
651 0 _aSouth Africa
_xIntellectual life
_y19th century.
_922483
651 0 _aSouth Africa
_xIntellectual life
_y20th century.
_922484
651 0 _aSouth Africa
_xRace relations
_xHistory.
_922485
651 7 _aSouth Africa.
_2fast
_922486
655 7 _aBiography.
_2fast
_922487
655 7 _aHistory.
_2fast
_912337
830 0 _aIntellectual history of southern Africa.
_922488
942 _2lcc
_cMONOGRAPH
948 1 _a20140512
_bc
_cdm820
_dMPS
999 _c124220
_d124220